[Event "FICS rated lightning game"]
[Site "FICS freechess.org"]
[Date "2018.01.03"]
[Round "?"]
[White "mogonhed"]
[Black "sweetnighter"]
[Result "1/2-1/2"]
[WhiteElo "1927"]
[BlackElo "1869"]
[PlyCount "69"]
[EventDate "2018.??.??"]

1. e4 Nc6 2. Nf3 e5 3. c3 f5 4. exf5 d5 5. d4 e4 6. Ne5 Nxe5 7. dxe5 Bxf5 8.
Qb3 b6 9. Bb5+ Kf7 10. Bc6 Ne7 11. Bxa8 Qxa8 12. Be3 c6 13. Nd2 Ng6 14. O-O
Nxe5 15. Bd4 Nd3 16. Rad1 c5 17. Be3 Bd6 18. c4 d4 19. Bg5 h6 20. Bh4 g5 21.
Bg3 Nf4 22. Nxe4 Bxe4 23. Bxf4 Bxf4 24. Rfe1 Bxg2 25. Rxd4 cxd4 26. c5+ Bd5 27.
Qd3 Rf8 28. Qf5+ Kg8 29. Qg6+ Kh8 30. Qxh6+ Kg8 31. Qg6+ Kh8 32. Qh6+ Kg8 33.
Qg6+ Kh8 34. Qh6+ Kg8 35. Qg6+ 1/2-1/2

[Event "FICS rated blitz game"]
[Site "FICS freechess.org"]
[Date "2018.01.02"]
[Round "?"]
[White "Tensecterror"]
[Black "SirNighted"]
[Result "1-0"]
[WhiteElo "1252"]
[BlackElo "1343"]
[PlyCount "53"]
[EventDate "2018.??.??"]
[EventType "blitz"]

1. e4 e5 2. Nf3 Nc6 3. c3 Nf6 4. d4 Nxe4 5. d5 Na5 6. Qa4 Nxc3 7. Nxc3 c6 8.
dxc6 Nxc6 9. Be2 Bc5 10. O-O O-O 11. Bg5 Qb6 12. Qc2 d6 13. h3 Be6 14. Na4 Qb4
15. Nxc5 dxc5 16. a3 Qb6 17. Be3 Nd4 18. Nxd4 exd4 19. Bf4 Rfe8 20. Bf3 Bb3 21.
Qd3 c4 22. Qf5 d3 23. Bd5 Re7 24. Bg5 Rc7 25. Qg4 Qa5 26. Bh6 g6 27. Qd4 1-0

[Event "FICS rated blitz game"]
[Site "FICS freechess.org"]
[Date "2018.01.02"]
[Round "?"]
[White "seved"]
[Black "asucampus"]
[Result "0-1"]
[WhiteElo "1612"]
[BlackElo "1646"]
[PlyCount "80"]
[EventDate "2018.??.??"]
[EventType "blitz"]

1. e4 e5 2. Nf3 Nc6 3. c3 d6 4. d4 exd4 5. cxd4 Bg4 6. Bb5 a6 7. Ba4 b5 8. Bb3
Nge7 9. Be3 g6 10. Nbd2 Bg7 11. Rc1 Nxd4 12. O-O Nxf3+ 13. gxf3 Be6 14. Bxe6
fxe6 15. Qc2 c5 16. f4 O-O 17. Nf3 Nc6 18. Ng5 Qe7 19. e5 h6 20. exd6 Qf6 21.
Nh3 c4 22. Qe4 Nb4 23. Rcd1 Nd3 24. Bd4 Qxd4 25. Qxd4 Bxd4 26. b3 e5 27. fxe5
Bxe5 28. f4 Bxd6 29. bxc4 bxc4 30. Rb1 Bc5+ 31. Kg2 Rab8 32. Rxb8 Rxb8 33. f5
Rb2+ 34. Kf3 gxf5 35. Nf4 Nxf4 36. Kxf4 c3 37. Kxf5 c2 38. Rc1 Be3 39. h4 Bxc1
40. Ke4 Bg5 {White resigns} 0-1

[Event "FICS rated blitz game"]
[Site "FICS freechess.org"]
[Date "2018.01.02"]
[Round "?"]
[White "ngin"]
[Black "LTVT"]
[Result "1-0"]
[WhiteElo "1206"]
[BlackElo "1276"]
[PlyCount "71"]
[EventDate "2018.??.??"]
[EventType "blitz"]

1. e4 e5 2. Nf3 Nc6 3. c3 d6 4. d3 a6 5. Ng5 Be7 6. Nxf7 Kxf7 7. Na3 Nf6 8. h3
Rf8 9. Bg5 Kg8 10. Qb3+ Kh8 11. Be2 b5 12. O-O-O Na5 13. Qc2 c5 14. b4 cxb4 15.
cxb4 Bd7 16. Kb1 Rc8 17. Qd2 d5 18. bxa5 Qxa5 19. Qxa5 d4 20. Qxa6 Ra8 21. Qb7
Be6 22. Qxe7 Rae8 23. Qb4 Ra8 24. Rc1 h6 25. Bxf6 Rxf6 26. Rc7 Rff8 27. Rhc1
Kh7 28. Qe7 Rg8 29. Qxe6 Rae8 30. Qf5+ Kh8 31. Qg6 Ref8 32. Ra7 Rf6 33. Qg4
Rff8 34. Rcc7 Kh7 35. Rxg7+ Kh8 36. Rh7# {Black checkmated} 1-0

[Event "FICS rated blitz game"]
[Site "FICS freechess.org"]
[Date "2018.01.02"]
[Round "?"]
[White "VAKarpov"]
[Black "roccovargas"]
[Result "0-1"]
[WhiteElo "1283"]
[BlackElo "1321"]
[PlyCount "94"]
[EventDate "2018.??.??"]
[EventType "blitz"]

1. e4 e5 2. Nf3 Nc6 3. c3 a6 4. h3 Bc5 5. Bd3 h6 6. O-O Nf6 7. b4 Ba7 8. a4 d6
9. b5 axb5 10. Bxb5 O-O 11. d4 Nxe4 12. Bxc6 bxc6 13. dxe5 Be6 14. Re1 Bxf2+
15. Kh2 Bxe1 16. Qxe1 Nc5 17. Ba3 Nb3 18. Ra2 Re8 19. Rb2 Na5 20. Nd4 Bd5 21.
Re2 Nc4 22. exd6 cxd6 23. Rxe8+ Qxe8 24. Qg3 c5 25. Nb5 Rxa4 26. Nxd6 Nxd6 27.
Qxd6 Qe4 28. Qb8+ Kh7 29. Qb2 c4 30. Bb4 Ra8 31. Na3 Rb8 32. Qc2 Qxc2 33. Nxc2
Ra8 34. Ne3 Be6 35. Kg3 Rd8 36. Kf2 Rd2+ 37. Kf3 Rd3 38. Kf2 f5 39. Kf3 Bd5+
40. Kf4 Be6 41. Nxf5 Bxf5 42. Kxf5 Rg3 43. Ke5 Rxg2 44. Kf4 g5+ 45. Kf3 Rd2 46.
Kg4 Kg6 47. h4 h5+ {White resigns} 0-1

[Event "FICS rated blitz game"]
[Site "FICS freechess.org"]
[Date "2018.01.02"]
[Round "?"]
[White "windbumwino"]
[Black "RASEVEN"]
[Result "1-0"]
[WhiteElo "1460"]
[BlackElo "1361"]
[PlyCount "59"]
[EventDate "2018.??.??"]
[EventType "blitz"]

1. e4 e5 2. c3 Nc6 3. Nf3 Bc5 4. d4 exd4 5. cxd4 Bb6 6. d5 Ba5+ 7. Nc3 Bxc3+ 8.
bxc3 Nb8 9. c4 Ne7 10. a4 O-O 11. Be3 a6 12. c5 b6 13. cxb6 cxb6 14. Bd3 Bb7
15. O-O d6 16. Qb3 Nd7 17. Rfb1 Nc5 18. Bxc5 dxc5 19. Qxb6 Qxb6 20. Rxb6 Rab8
21. Rab1 Bxd5 22. Rxb8 Be6 23. Rxf8+ Kxf8 24. Rb8+ Bc8 25. Bxa6 Ke8 26. Bxc8
Kd8 27. Bf5+ Kc7 28. Rb5 Kc6 29. Bxh7 g6 30. Ne5+ {Black resigns} 1-0

[Event "FICS rated blitz game"]
[Site "FICS freechess.org"]
[Date "2018.01.02"]
[Round "?"]
[White "FyFazan"]
[Black "DeLaFere"]
[Result "1-0"]
[WhiteElo "1335"]
[BlackElo "1384"]
[PlyCount "67"]
[EventDate "2018.??.??"]
[EventType "blitz"]

1. e4 e5 2. Nf3 Nc6 3. c3 Nf6 4. d3 Be7 5. Be2 d6 6. d4 exd4 7. cxd4 Nxe4 8. d5
Ne5 9. Qa4+ Bd7 10. Qxe4 O-O 11. Nxe5 dxe5 12. Qxe5 Bf6 13. Qe4 Re8 14. Qf3 Bb5
15. Nc3 Bxe2 16. Nxe2 Qd6 17. O-O Qb6 18. Rb1 Rad8 19. Be3 Qd6 20. Bf4 Qxd5 21.
Qxd5 Rxd5 22. Ng3 c6 23. b3 h6 24. Nh5 Bd4 25. Ng3 g5 26. Be3 Bc3 27. Bxa7 Ra5
28. Bb6 Rxa2 29. Nf5 Kh7 30. Nd6 Re7 31. Bc5 Rd7 32. b4 Rd2 33. Ne4 R2d5 34.
Nxc3 {Black resigns} 1-0

[Event "FICS rated blitz game"]
[Site "FICS freechess.org"]
[Date "2018.01.02"]
[Round "?"]
[White "morts"]
[Black "sdarjee"]
[Result "0-1"]
[WhiteElo "1178"]
[BlackElo "1248"]
[PlyCount "86"]
[EventDate "2018.??.??"]
[EventType "blitz"]

1. e4 e5 2. Nf3 Nc6 3. c3 d5 4. exd5 Qxd5 5. Be2 f5 6. d3 Nf6 7. O-O Be7 8.
Nbd2 O-O 9. c4 Qd8 10. Qb3 Kh8 11. Ng5 h6 12. Ngf3 Rb8 13. Qc2 Nb4 14. Qd1 Nxd3
15. Bxd3 Qxd3 16. Nxe5 Qd8 17. Qb3 Be6 18. Ndf3 b5 19. Ng6+ Kh7 20. Nxf8+ Qxf8
21. Qe3 Bxc4 22. Re1 Bd6 23. b3 Bd5 24. Nd4 Ng4 25. Qd3 Bxh2+ 26. Kf1 Be4 27.
Qh3 Bd6 28. f3 Nh2+ 29. Qxh2 Bxh2 30. f4 Bd3+ 31. Kf2 Bxf4 32. Bxf4 Be4 33. g3
Qf7 34. Rh1 Bxh1 35. Rxh1 b4 36. Re1 Re8 37. Rh1 Qd5 38. Nf3 Qc5+ 39. Kg2 Re2+
40. Kh3 Rxa2 41. Ne5 Qc3 42. Nf7 Qc2 43. Be5 Qg2+ 0-1

[Event "FICS rated blitz game"]
[Site "FICS freechess.org"]
[Date "2018.01.02"]
[Round "?"]
[White "fabiuscu"]
[Black "thym"]
[Result "0-1"]
[WhiteElo "1136"]
[BlackElo "1567"]
[PlyCount "26"]
[EventDate "2018.??.??"]
[EventType "blitz"]

1. e4 e5 2. Nf3 Nc6 3. c3 d6 4. d4 Bg4 5. d5 Nb8 6. h3 Bxf3 7. Qxf3 Qf6 8. Qxf6
Nxf6 9. f3 Nh5 10. Be3 Be7 11. g4 Bh4+ 12. Kd2 Ng3 13. Rh2 Nxf1+ 0-1

[Event "FICS rated blitz game"]
[Site "FICS freechess.org"]
[Date "2018.01.02"]
[Round "?"]
[White "sampaths"]
[Black "uwomano"]
[Result "1-0"]
[WhiteElo "1589"]
[BlackElo "1541"]
[PlyCount "59"]
[EventDate "2018.??.??"]
[EventType "blitz"]

1. e4 e5 2. Nf3 Nc6 3. c3 Bc5 4. d4 exd4 5. cxd4 Bb4+ 6. Nc3 Bxc3+ 7. bxc3 d6
8. Bc4 Nge7 9. Ng5 O-O 10. Qh5 h6 11. Nxf7 Kh7 12. Nxd8 Nxd8 13. Qe2 a6 14. h3
b5 15. Bb3 Ne6 16. O-O Nf4 17. Bxf4 Rxf4 18. Qe3 Rf6 19. Bc2 Kh8 20. e5 dxe5
21. dxe5 Re6 22. Bb3 Rg6 23. Bf7 Rg5 24. h4 Rf5 25. Bb3 Bb7 26. Bc2 Rff8 27. h5
Rf7 28. Qc5 Bc6 29. Bg6 Nxg6 30. hxg6 1-0

[Event "FICS rated standard game"]
[Site "FICS freechess.org"]
[Date "2018.01.02"]
[Round "?"]
[White "Benkh"]
[Black "SKVO"]
[Result "0-1"]
[WhiteElo "1307"]
[BlackElo "1414"]
[PlyCount "96"]
[EventDate "2018.??.??"]

1. e4 e5 2. Nf3 Nc6 3. c3 Nf6 4. d3 Bc5 5. b4 Bb6 6. a4 a5 7. b5 Na7 8. Nxe5 d6
9. Nxf7 Kxf7 10. Qb3+ d5 11. e5 Re8 12. d4 c6 13. f4 Kg8 14. Be2 cxb5 15. exf6
Qxf6 16. Qxd5+ Qf7 17. Qxf7+ Kxf7 18. axb5 Nxb5 19. Bb2 a4 20. Kf2 Nxd4 21.
Bh5+ g6 22. Re1 Nc2+ 23. Kg3 Nxe1 24. Bf3 Nxf3 25. Kxf3 Re3+ 26. Kf2 Rxc3+ 27.
Ke1 Rc2 28. Ra2 Rxg2 29. Nc3 Be6 30. Rxa4 Re8 31. Ne4 Bb3 32. Bf6 Rxe4+ 33.
Rxe4 Kxf6 34. Re2 Rxe2+ 35. Kxe2 Bg1 36. h3 b5 37. Kf3 b4 38. Ke2 Bc4+ 39. Kd2
b3 40. Kc3 Be6 41. h4 Bh2 42. h5 gxh5 43. f5 Kxf5 44. Kb2 Be5+ 45. Kb1 b2 46.
Kc2 Kf4 47. Kb1 Bf5+ 48. Ka2 b1=Q+ {White resigns} 0-1

[Event "FICS rated blitz game"]
[Site "FICS freechess.org"]
[Date "2018.01.02"]
[Round "?"]
[White "Kjosavik"]
[Black "pdrag"]
[Result "0-1"]
[WhiteElo "1437"]
[BlackElo "1430"]
[PlyCount "144"]
[EventDate "2018.??.??"]
[EventType "blitz"]

1. e4 e5 2. Nf3 Nc6 3. c3 Bc5 4. b4 Bb6 5. a4 a6 6. a5 Ba7 7. Ba3 Nf6 8. d3 O-O
9. c4 d6 10. Nc3 Bd4 11. Qb3 Bg4 12. Nxd4 Nxd4 13. Qa2 Nh5 14. f3 Bxf3 15. gxf3
Qh4+ 16. Kd2 Nxf3+ 17. Kc2 Qf2+ 18. Kb3 Nd4+ 19. Ka4 Qf3 20. Bg2 Qxd3 21. Nd5
Qc2+ 22. Qxc2 Nxc2 23. Rag1 Rac8 24. Bh3 Rb8 25. Nxc7 Nf4 26. Bg4 h5 27. Bd1
Nd4 28. Bc1 Nfe6 29. Nd5 Rfe8 30. Bxh5 g6 31. Nf6+ Kg7 32. Nxe8+ Rxe8 33. Bd1
Nc6 34. h4 Kf8 35. Bh6+ Ke7 36. Bg5+ Kd7 37. Bf6 Kc7 38. h5 gxh5 39. Rxh5 Nf4
40. Rh8 Rxh8 41. Bxh8 b6 42. axb6+ Kxb6 43. Rg7 Nd3 44. Kb3 Nc1+ 45. Kc2 Na2
46. Rxf7 Naxb4+ 47. Kd2 Nd4 48. Rd7 Kc5 49. Rc7+ Nbc6 50. Bg7 Kxc4 51. Bf8 Kc5
52. Ba4 Nb5 53. Kd3 Nxc7 54. Bxc6 Kxc6 55. Kc4 a5 56. Kb3 Nb5 57. Ka4 Nc3+ 58.
Kxa5 Nxe4 59. Kb4 Nc5 60. Kc4 d5+ 61. Kc3 Na4+ 62. Kd3 Nb6 63. Ke3 Nc4+ 64. Kd3
Nb2+ 65. Kc2 Nc4 66. Kc3 e4 67. Kd4 Nb2 68. Ba3 Na4 69. Ke3 Nb6 70. Kd4 Nc4 71.
Kc3 Nxa3 72. Kb3 Nb5 {White resigns} 0-1

[Event "FICS rated blitz game"]
[Site "FICS freechess.org"]
[Date "2018.01.02"]
[Round "?"]
[White "jezebelben"]
[Black "xavetnat"]
[Result "0-1"]
[WhiteElo "1373"]
[BlackElo "1434"]
[PlyCount "34"]
[EventDate "2018.??.??"]
[EventType "blitz"]

1. e4 e5 2. Nf3 Nc6 3. c3 Bc5 4. d4 exd4 5. cxd4 Bb6 6. d5 Nb8 7. Be2 d6 8. O-O
Nf6 9. h3 O-O 10. Nc3 h6 11. Kh1 Nbd7 12. Nh2 Nc5 13. Qc2 Re8 14. f3 Qe7 15.
Bd2 Nh5 16. f4 Ng3+ 17. Kg1 Ncxe4+ {White resigns} 0-1

[Event "FICS rated standard game"]
[Site "FICS freechess.org"]
[Date "2018.01.02"]
[Round "?"]
[White "louarn"]
[Black "simongriffin"]
[Result "1-0"]
[WhiteElo "1500"]
[BlackElo "1592"]
[PlyCount "55"]
[EventDate "2018.??.??"]

1. e4 e5 2. Nf3 Nc6 3. c3 Nf6 4. d3 h6 5. Be2 Bc5 6. O-O d6 7. d4 Bb6 8. dxe5
Nxe5 9. Nxe5 dxe5 10. Qxd8+ Kxd8 11. Rd1+ Ke7 12. Be3 Bxe3 13. fxe3 Bg4 14.
Bxg4 Nxg4 15. Re1 Rad8 16. h3 Nf6 17. Na3 a6 18. Kf2 Rd2+ 19. Kf3 Rxb2 20. Nc4
Rb5 21. Re2 Rd8 22. g4 Rc5 23. Na3 Rxc3 24. Nc2 Rcd3 25. Nb4 Rd2 26. Nd5+ R2xd5
27. exd5 Rd6 28. Rb1 {Black resigns} 1-0

[Event "FICS rated lightning game"]
[Site "FICS freechess.org"]
[Date "2018.01.02"]
[Round "?"]
[White "kungzeb"]
[Black "chi"]
[Result "0-1"]
[WhiteElo "1834"]
[BlackElo "1819"]
[PlyCount "90"]
[EventDate "2018.??.??"]

1. e4 e5 2. Nf3 Nc6 3. c3 Be7 4. d4 Nf6 5. d5 Nb8 6. Bd3 d6 7. O-O Nbd7 8. Bg5
h6 9. Bh4 g5 10. Bg3 Nc5 11. Bc2 Ncxe4 12. Bxe4 Nxe4 13. Qc2 f5 14. Nbd2 Nf6
15. Ne1 f4 16. Bxf4 exf4 17. f3 O-O 18. Nd3 Nxd5 19. Rae1 Ne3 20. Rxe3 fxe3 21.
Nc4 Bf5 22. Nxe3 Bh7 23. Qd2 Bf6 24. Nf2 Bg7 25. Nfg4 c6 26. b3 d5 27. c4 d4
28. Nc2 c5 29. Ne1 b6 30. Nd3 Qd7 31. Nde5 Bxe5 32. Nxe5 Qd6 33. Ng4 Rae8 34.
h4 d3 35. hxg5 hxg5 36. Qxg5+ Qg6 37. Qd2 Re2 38. Qd1 Rfe8 39. Nf2 d2 40. a4
Qc2 41. Qxc2 Bxc2 42. Nd1 Bxd1 43. Rxd1 Re1+ 44. Rxe1 dxe1=Q+ 45. Kh2 Qb4 {
White resigns} 0-1

[Event "FICS rated blitz game"]
[Site "FICS freechess.org"]
[Date "2018.01.02"]
[Round "?"]
[White "SargonV"]
[Black "playingforfun"]
[Result "1-0"]
[WhiteElo "1513"]
[BlackElo "1387"]
[PlyCount "33"]
[EventDate "2018.??.??"]
[EventType "blitz"]

1. e4 e5 2. Nf3 Nc6 3. c3 d6 4. d4 exd4 5. cxd4 Be7 6. Nc3 Nf6 7. Bd3 O-O 8. e5
dxe5 9. dxe5 Ne8 10. h4 Be6 11. Bxh7+ Kh8 12. Bd3 f5 13. exf6 Bxf6 14. Ng5
Bxc3+ 15. bxc3 Qf6 16. Qh5+ Qh6 17. Nf7+ {Black resigns} 1-0

[Event "FICS rated standard game"]
[Site "FICS freechess.org"]
[Date "2018.01.02"]
[Round "?"]
[White "piaanist"]
[Black "ciaopal"]
[Result "1-0"]
[WhiteElo "1424"]
[BlackElo "1507"]
[PlyCount "27"]
[EventDate "2018.??.??"]

1. e4 e5 2. Nf3 Nc6 3. c3 d6 4. d4 exd4 5. cxd4 d5 6. e5 b6 7. Bb5 Bb7 8. Qc2
Qd7 9. O-O f6 10. exf6 Nxf6 11. Ne5 Qe7 12. Bxc6+ Bxc6 13. Qxc6+ Kd8 14. Qxa8#
{Black checkmated} 1-0

[Event "FICS rated blitz game"]
[Site "FICS freechess.org"]
[Date "2018.01.02"]
[Round "?"]
[White "mohdriaz"]
[Black "egyik"]
[Result "0-1"]
[WhiteElo "1260"]
[BlackElo "1324"]
[PlyCount "74"]
[EventDate "2018.??.??"]
[EventType "blitz"]

1. e4 e5 2. Nf3 Nc6 3. c3 Nf6 4. Bc4 d6 5. Ng5 d5 6. exd5 Nxd5 7. d4 Be7 8. Nf3
exd4 9. Qxd4 Nf6 10. Qe3 O-O 11. O-O h6 12. h3 Re8 13. Qf4 Bd6 14. Qh4 Re4 15.
g4 Rxc4 16. Bxh6 Nh7 17. Bxg7 Qxh4 18. Nxh4 Kxg7 19. Nd2 Rc5 20. Ne4 Re5 21. f3
Be7 22. Ng2 Be6 23. Nf4 Rd8 24. Rad1 Nf6 25. Ng3 Rxd1 26. Rxd1 Nd5 27. Nfh5+
Kf8 28. Kf2 Bc5+ 29. Kg2 Ne3+ 30. Kh2 Nxd1 31. Ne4 Be7 32. b4 Bd5 33. Neg3 Nxc3
34. a3 Bxf3 35. Nf4 Bd6 36. Nd3 Re3 37. Ne1 Rxe1 0-1

[Event "FICS rated blitz game"]
[Site "FICS freechess.org"]
[Date "2018.01.02"]
[Round "?"]
[White "capricornus"]
[Black "ReallyBadPlayer"]
[Result "0-1"]
[WhiteElo "1396"]
[BlackElo "1321"]
[PlyCount "80"]
[EventDate "2018.??.??"]
[EventType "blitz"]

1. e4 e5 2. Nf3 Nc6 3. c3 Bc5 4. d3 d6 5. b4 Bb6 6. Be2 a6 7. a4 h6 8. O-O Nf6
9. Bb2 Bd7 10. Nbd2 Qe7 11. b5 Na5 12. c4 O-O 13. Nb3 axb5 14. Nxa5 Rxa5 15.
axb5 Rfa8 16. Rxa5 Bxa5 17. Qb3 c6 18. bxc6 Bxc6 19. Ra1 b6 20. Nd2 Nd7 21. Qc2
Nc5 22. Nb3 Na4 23. Nxa5 Rxa5 24. Bc3 Nxc3 25. Rxa5 Nxe2+ 26. Qxe2 bxa5 27. Qa2
a4 28. Qa3 Qd7 29. f3 Qb7 30. h3 Qb3 31. Qxd6 a3 32. Qxc6 a2 33. Qa8+ Kh7 34.
Qd5 a1=Q+ 35. Kh2 Qd4 36. Qxf7 Qbb6 37. h4 Qf6 38. Qh5 Qf4+ 39. Kh3 Qf2 40. c5
Q4g3# {White checkmated} 0-1

[Event "FICS rated blitz game"]
[Site "FICS freechess.org"]
[Date "2018.01.02"]
[Round "?"]
[White "ToreTang"]
[Black "emmawoodhouse"]
[Result "0-1"]
[WhiteElo "1144"]
[BlackElo "1297"]
[PlyCount "48"]
[EventDate "2018.??.??"]
[EventType "blitz"]

1. e4 e5 2. Nf3 Nc6 3. c3 d6 4. Bc4 Bg4 5. h3 Bxf3 6. Qxf3 Nf6 7. g4 h6 8. d3
Be7 9. g5 hxg5 10. Bxg5 Qd7 11. Nd2 O-O-O 12. O-O Na5 13. Bxf6 gxf6 14. Bxf7
Rdf8 15. Bg6 Rfg8 16. Kh2 Rxg6 17. Qe3 Nc6 18. d4 exd4 19. cxd4 Kb8 20. Rg1
Rgh6 21. Rg3 Nxd4 22. Rg8+ Bd8 23. Rxh8 Rxh8 24. h4 Rxh4+ 0-1

[Event "FICS rated blitz game"]
[Site "FICS freechess.org"]
[Date "2018.01.02"]
[Round "?"]
[White "YUXIZHANG"]
[Black "FransLaa"]
[Result "0-1"]
[WhiteElo "1103"]
[BlackElo "1191"]
[PlyCount "82"]
[EventDate "2018.??.??"]
[EventType "blitz"]

1. e4 e5 2. Nf3 Nc6 3. c3 h6 4. b4 Nge7 5. b5 a6 6. bxc6 Nxc6 7. d4 b6 8. d5
Na7 9. Nxe5 d6 10. Qa4+ c6 11. dxc6 Qc7 12. Nf3 b5 13. Qa3 d5 14. exd5 Bxa3 15.
Bxa3 f6 16. Bd6 Bf5 17. Bxc7 O-O 18. Bb6 Nc8 19. Bc7 Ra7 20. Bd6 Re8+ 21. Be2
Nxd6 22. c7 Rxc7 23. Ne5 fxe5 24. Bxb5 axb5 25. c4 bxc4 26. Nd2 Ne4 27. Nxe4
Bxe4 28. f3 Bxd5 29. Kd1 Rd8 30. g3 Bxf3+ 31. Ke1 Bxh1 32. g4 Rcd7 33. g5 hxg5
34. h4 gxh4 35. Kf2 e4 36. Rxh1 Rd2+ 37. Kf1 R8d3 38. Rxh4 Rd1+ 39. Kf2 R3d2+
40. Ke3 Rd3+ 41. Kf2 R1d2+ 0-1

[Event "FICS rated standard game"]
[Site "FICS freechess.org"]
[Date "2018.01.02"]
[Round "?"]
[White "piaanist"]
[Black "mikedevita"]
[Result "0-1"]
[WhiteElo "1427"]
[BlackElo "1537"]
[PlyCount "84"]
[EventDate "2018.??.??"]

1. e4 e5 2. Nf3 Nc6 3. c3 Nf6 4. d3 Bc5 5. Be2 h6 6. O-O d6 7. Be3 g5 8. Qa4
Bd7 9. Bxc5 dxc5 10. Qc2 g4 11. Nh4 Nxe4 12. dxe4 Qxh4 13. g3 Qg5 14. Qb3 b6
15. Qd1 h5 16. f3 O-O-O 17. fxg4 Bxg4 18. Ba6+ Kb8 19. Qa4 Qe3+ 20. Rf2 Rd1+
21. Bf1 Bh3 22. Qxd1 Bg4 23. Qc2 h4 24. Qd2 Qxe4 25. Bd3 Qd5 26. gxh4 Rg8 27.
Rg2 f5 28. c4 Qd4+ 29. Kf1 Bh3 30. Nc3 Bxg2+ 31. Qxg2 Rxg2 32. Kxg2 Qxd3 33.
Rd1 Qe3 34. Rf1 f4 35. Nd5 Qd2+ 36. Rf2 Qc1 37. h5 Qxc4 38. Nf6 Qe6 39. Ne4
Qg4+ 40. Kf1 Qxh5 41. b3 Nd4 42. Rg2 Qd1+ {White resigns} 0-1

[Event "FICS rated blitz game"]
[Site "FICS freechess.org"]
[Date "2018.01.02"]
[Round "?"]
[White "jsssstplayinn"]
[Black "Fleskusflint"]
[Result "1-0"]
[WhiteElo "1612"]
[BlackElo "1485"]
[PlyCount "33"]
[EventDate "2018.??.??"]
[EventType "blitz"]

1. e4 e5 2. Nf3 Nc6 3. c3 h6 4. d4 exd4 5. cxd4 d5 6. e5 Be6 7. Bb5 Qd7 8. Nc3
a6 9. Ba4 b5 10. Bc2 Be7 11. O-O Bg4 12. Be3 Bg5 13. h3 Bxe3 14. fxe3 Bh5 15.
a3 Nge7 16. Qd3 O-O 17. Qh7# {Black checkmated} 1-0

[Event "FICS rated blitz game"]
[Site "FICS freechess.org"]
[Date "2018.01.02"]
[Round "?"]
[White "kiknit"]
[Black "ouazzani"]
[Result "0-1"]
[WhiteElo "1461"]
[BlackElo "1686"]
[PlyCount "72"]
[EventDate "2018.??.??"]
[EventType "blitz"]

1. e4 e5 2. Nf3 Nc6 3. c3 Nf6 4. Bc4 Be7 5. O-O Nxe4 6. Qe2 d5 7. Bb3 f6 8. c4
Nc5 9. Bc2 d4 10. d3 Be6 11. Bd2 Qd7 12. Na3 a6 13. b4 e4 14. dxe4 d3 15. Bxd3
Nxd3 16. b5 Nce5 17. Nxe5 Nxe5 18. bxa6 Bxa3 19. Bf4 Bxc4 20. Qh5+ Bf7 21. Qh4
Ng6 22. Qg3 Nxf4 23. Qxf4 Bd6 24. e5 Bxe5 25. Rfe1 bxa6 26. Qf3 O-O 27. Rad1
Qa4 28. a3 Rad8 29. Rb1 Bg6 30. Rbc1 Rd3 31. Qe2 Rfd8 32. f3 Rd2 33. Qe3 Bd4
34. Rxc7 Bxe3+ 35. Kh1 Qd1 36. Rxd1 Rxd1# {White checkmated} 0-1

[Event "FICS rated standard game"]
[Site "FICS freechess.org"]
[Date "2018.01.02"]
[Round "?"]
[White "piaanist"]
[Black "bergeruw"]
[Result "0-1"]
[WhiteElo "1417"]
[BlackElo "1627"]
[PlyCount "78"]
[EventDate "2018.??.??"]

1. e4 e5 2. Nf3 Nc6 3. c3 Bc5 4. b4 Bb6 5. d3 a6 6. Qe2 d6 7. Be3 Bxe3 8. Qxe3
Nf6 9. h3 h6 10. Be2 Be6 11. Nbd2 Qd7 12. d4 exd4 13. cxd4 Ne7 14. d5 Bxd5 15.
exd5 Nfxd5 16. Qd3 O-O 17. O-O Nxb4 18. Qc3 Nbd5 19. Bc4 Nf4 20. g3 Nxh3+ 21.
Kg2 Ng5 22. Nxg5 hxg5 23. Rh1 d5 24. Bd3 f6 25. Bh7+ Kf7 26. Nf3 b6 27. Qd3 c5
28. Rad1 c4 29. Qd4 b5 30. Nxg5+ fxg5 31. Rde1 Rae8 32. Rh5 Nf5 33. Qg4 Ne3+
34. Rxe3 Qxg4 35. Rxe8 Qxh5 36. Ra8 Qxh7 37. Rxa6 Qe4+ 38. Kf1 Rh8 39. Kg1 Qh1#
{White checkmated} 0-1

[Event "FICS rated blitz game"]
[Site "FICS freechess.org"]
[Date "2018.01.02"]
[Round "?"]
[White "jezebelben"]
[Black "daIlAi"]
[Result "1-0"]
[WhiteElo "1365"]
[BlackElo "1342"]
[PlyCount "51"]
[EventDate "2018.??.??"]
[EventType "blitz"]

1. e4 e5 2. Nf3 Nc6 3. c3 Nf6 4. d4 exd4 5. cxd4 Bb4+ 6. Bd2 Bxd2+ 7. Nbxd2 O-O
8. e5 Re8 9. Be2 Nd5 10. O-O d6 11. h3 dxe5 12. dxe5 Nxe5 13. Nxe5 Rxe5 14. Nf3
Re8 15. Bc4 Nf6 16. Qb3 Qe7 17. Rae1 Qf8 18. Ne5 Be6 19. Bxe6 Rxe6 20. Nxf7
Rxe1 21. Ng5+ Kh8 22. Rxe1 h6 23. Nf7+ Kh7 24. Ne5 b6 25. Qc2+ Kh8 26. Ng6+ {
Black resigns} 1-0

[Event "FICS rated blitz game"]
[Site "FICS freechess.org"]
[Date "2018.01.02"]
[Round "?"]
[White "Tensecterror"]
[Black "leadtwooeight"]
[Result "0-1"]
[WhiteElo "1256"]
[BlackElo "1436"]
[PlyCount "150"]
[EventDate "2018.??.??"]
[EventType "blitz"]

1. e4 e5 2. Nf3 Nc6 3. c3 Bc5 4. d4 exd4 5. cxd4 Bb4+ 6. Bd2 Qe7 7. Bxb4 Qxe4+
8. Be2 Nxb4 9. Na3 Nf6 10. O-O O-O 11. Re1 Qg6 12. h3 Nbd5 13. Ne5 Qf5 14. Bd3
Qe6 15. Ng6 Qxe1+ 16. Qxe1 hxg6 17. Nc4 d6 18. Qa5 b6 19. Qd2 c5 20. Ne3 cxd4
21. Nxd5 Nxd5 22. Be4 Nf6 23. Bc6 Rb8 24. Qxd4 Bf5 25. Qa4 Rbc8 26. Bb7 Rc7 27.
Qxa7 Be4 28. Qxb6 Rxb7 29. Qxd6 Rxb2 30. Rc1 Rc2 31. Ra1 Bd5 32. a4 Rfc8 33. a5
Rc1+ 34. Rxc1 Rxc1+ 35. Kh2 Ra1 36. a6 Kh7 37. Qb6 Ra2 38. Kg3 Ne4+ 39. Kh2
Rxf2 40. a7 Ra2 41. Qc7 Nf6 42. Kg1 Rxg2+ 43. Kf1 Ra2 44. Ke1 Nh5 45. Qd7 Bh1
46. Qxf7 Ra1+ 47. Kd2 Bc6 48. Qc7 Bf3 49. Ke3 Ra3+ 50. Kd4 Ra4+ 51. Ke5 Re4+
52. Kd5 Re7+ 53. Kd6 Rxc7 54. Kxc7 Nf6 55. Kd6 Kh6 56. Ke5 Kh5 57. Kf4 Ba8 58.
Kg3 Ne4+ 59. Kh2 Ng5 60. Kg3 Bb7 61. h4 Ne6 62. Kh3 Ba8 63. Kg3 Nc5 64. Kh3 Nd3
65. Kg3 Nb4 66. Kh3 Nc6 67. Kg3 Nxa7 68. Kh3 Nc6 69. Kg3 Ne7 70. Kh3 Nf5 71.
Kh2 Nxh4 72. Kg3 Nf5+ 73. Kf4 g5+ 74. Ke5 g4 75. Kxf5 g3 0-1

[Event "FICS rated blitz game"]
[Site "FICS freechess.org"]
[Date "2018.01.02"]
[Round "?"]
[White "kiknit"]
[Black "sbgomes"]
[Result "1-0"]
[WhiteElo "1460"]
[BlackElo "1577"]
[PlyCount "69"]
[EventDate "2018.??.??"]
[EventType "blitz"]

1. e4 e5 2. Nf3 Nc6 3. c3 d5 4. exd5 Qxd5 5. Be2 Nf6 6. O-O e4 7. Nd4 Nxd4 8.
cxd4 Qxd4 9. Nc3 Bb4 10. Qb3 Bxc3 11. dxc3 Qe5 12. g3 O-O 13. Bf4 Qc5 14. Be3
Qd5 15. Bc4 Qh5 16. Rad1 Be6 17. Bxe6 fxe6 18. Qxe6+ Kh8 19. Qe7 Ng4 20. h4
Rae8 21. Qxc7 Rf7 22. Qc4 Ref8 23. Bc5 Rf6 24. Bxf8 Rxf2 25. Rxf2 Nxf2 26. Kxf2
Qxd1 27. Qxe4 Qd8 28. Be7 Qe8 29. Qxb7 Qf7+ 30. Kg2 h6 31. Qc8+ Kh7 32. Qd7 Qg6
33. Bd6 Qc2+ 34. Kh3 Qf5+ 35. Qxf5+ {Black resigns} 1-0